000 00543nam a2200193Ia 4500
005 20221121140433.0
008 210716s2001 xx 000 0 und d
020 _a8122307307
040 _cAIMIT LIBRARY
041 _aeng
082 _a030.02
_21
_bAMBG
100 _aAmbat, Gladys.
_962889
245 _aGlobal quiz bank /
_bOver 4000 Quizzes and 163 Topics
_cBy Gladys Ambat
250 _a1st ed.
260 _aNew Delhi :
_bPustak mahal ,
_c2001.
300 _a256,16p.
650 _aQuiz
_962890
942 _2ddc
_cBK
_e1st
_k030.02 AMBG
999 _c184466
_d184466